| 000 | 01204cam a2200301 4500 | ||
|---|---|---|---|
| 001 | WB3946-15 | ||
| 008 | 031202n2003 000 0 eng u | ||
| 035 | _a(Sirsi) u124545 | ||
| 245 | _aPort firms fear land controls | ||
| 260 | _c2003 | ||
| 490 |
_aPlanning (for the Natural and Built Environment) _v28 November 2003, 6(1) |
||
| 520 | _aPort operators on the River Thames fear land constraints may limit their growth, according to a Port of London Authority (PLA) report. The "Economic impact study"carried out by consultancy SQW Ltd to highlight the PLAs contribution to London's economy, reveals that the main constraints identified by operators surveyed are existing plot size and a lack of space for expansion. PLA press release http://www.portoflondon.co.uk/news/index.cfm?flag=2&id=740&site=commercial. | ||
| 590 | _aWB | ||
| 650 | _aPORT OF LONDON | ||
| 650 | _aECONOMY | ||
| 650 | _aLONDON | ||
| 650 | _aCONTRIBUTION | ||
| 650 | _aEXPANSION | ||
| 650 | _aINVESTMENT | ||
| 650 | _aPORTS | ||
| 650 | _aDOCKS | ||
| 650 | _aDISTRIBUTION CENTRES | ||
| 650 | _aCONSTRAINTS | ||
| 650 | _aPLOT SIZE | ||
| 650 | _aLAND | ||
| 690 | _aTRANSPORT AND COMMUNICATIONS | ||
| 942 | _n0 | ||
| 999 |
_c73909 _d73909 |
||